|
|
|
|
| LEADER |
01683nam a2200445 a 4500 |
| 001 |
GR-Patra2472 |
| 008 |
991022s1984 nyu 000 b eng d |
| 020 |
|
|
|a 007019288X
|
| 040 |
|
|
|a GrPaTEI
|b gre
|c GR-PaULI
|
| 245 |
0 |
0 |
|a Powerplant technology.
|
| 260 |
|
|
|a New York :
|b McGraw-Hill,
|c 1984
|
| 300 |
|
|
|a xv, 861σ. :
|b εικ., πίν.
|
| 500 |
|
|
|a Bibliography: p.842-849
|
| 650 |
|
0 |
|a ELECTRIC POWER
|
| 650 |
|
0 |
|a FUELS
|
| 650 |
|
0 |
|a GAS TURBINES
|
| 650 |
|
0 |
|a GEOTHERMAL ENERGY
|
| 650 |
|
0 |
|a PLANTS
|
| 650 |
|
0 |
|a POWER GENERATION
|
| 650 |
|
0 |
|a SOLAR ENERGY
|
| 650 |
|
0 |
|a Thermodynamics
|
| 650 |
|
0 |
|a TURBINES
|
| 650 |
|
4 |
|a ΑΤΜΟΓΕΝΝΗΤΡΙΕΣ
|
| 650 |
|
4 |
|a ΑΤΟΜΙΚΗ ΕΝΕΡΓΕΙΑ
|
| 650 |
|
4 |
|a ΕΡΓΟΣΤΑΣΙΑ ΠΑΡΑΓΩΓΗΣ
|
| 650 |
|
4 |
|a ΗΛΕΚΤΡΙΚΗ ΕΝΕΡΓΕΙΑ
|
| 650 |
|
4 |
|a Θερμοδυναμική
|
| 650 |
|
4 |
|a ΚΑΥΣΗ
|
| 650 |
|
4 |
|a ΚΑΥΣΙΜΑ
|
| 650 |
|
4 |
|a ΣΤΡΟΒΙΛΟΚΙΝΗΤΗΡΕΣ
|
| 650 |
|
4 |
|a ΣΥΣΤΗΜΑΤΑ ΨΥΞΗΣ
|
| 650 |
1 |
0 |
|a WIND ENERGY
|
| 653 |
|
|
|a ΗΛΕΚΤΡΙΚΗ ΕΝΕΡΓΕΙΑ - ΕΡΓΟΣΤΑΣΙΑ ΠΑΡΑΓΩΓΗΣ
|
| 700 |
1 |
|
|a El-Wakil, M. M.
|
| 710 |
0 |
|
|a McGraw-Hill
|
| 942 |
|
|
|2 ddc
|
| 952 |
|
|
|0 0
|1 0
|2 ddc
|4 0
|6 621_312100000000000_ELW
|7 0
|9 284263
|a LISK
|b LISK
|c BSC
|d 2021-01-17
|e 24
|f 0
|g 0.00
|l 0
|o 621.3121 EL-W
|p 9241006925
|r 2021-01-17 00:00:00
|t 1
|w 2021-01-17
|y BK15
|x 19991024 0 1
|x GrPaTEI
|
| 952 |
|
|
|0 0
|1 0
|2 ddc
|4 0
|6 621_312100000000000_ELW
|7 0
|9 284264
|a LISK
|b LISK
|c BSC
|d 2021-01-17
|e 24
|f 0
|g 0.00
|l 0
|o 621.3121 EL-W
|p 9241007786
|r 2021-01-17 00:00:00
|t 1
|w 2021-01-17
|y BK15
|x 19991024 0 1
|x GrPaTEI
|
| 971 |
|
|
|a .b26499745
|b 15-04-20
|c 23-09-16
|
| 999 |
|
|
|c 165453
|d 165453
|